| 000 | 00549cam a2200217 4500 | ||
|---|---|---|---|
| 008 | 090401t1972 xxu||||| |||| 00| 0 eng d | ||
| 020 | _a0080168922 | ||
| 035 | _a(Sirsi) u57716 | ||
| 041 | _aeng | ||
| 050 | _a333.77 | ||
| 100 | _aGoodall, Brian | ||
| 245 | 4 | _aThe economics of urban areas | |
| 260 |
_aOxford _bPergamon Press _c1972 |
||
| 300 | _axii, 379p. ; 21cm. | ||
| 350 | _a13.25 | ||
| 490 |
_aUrban and Regional Planning Series _v3 Volume |
||
| 650 |
_aLand use _96251 |
||
| 650 | _aPROPERTY | ||
| 942 | _n0 | ||
| 948 | _c04/03/1997 | ||
| 999 |
_c93964 _d93964 |
||